Normal view
MARC view
- Mubarak, Bilal Ahmed
Entry Personal Name
001 - CONTROL NUMBER
- control field: 36035
003 - CONTROL NUMBER IDENTIFIER
- control field: NUST
005 - DATE AND TIME OF LATEST TRANSACTION
- control field: 20210312152102.0
008 - FIXED-LENGTH DATA ELEMENTS
- fixed length control field: 210312|| aca||aabn | a|a d
040 ## - CATALOGING SOURCE
- Original cataloging agency: NUST
- Transcribing agency: NUST
100 ## - HEADING--PERSONAL NAME
- Personal name: Mubarak, Bilal Ahmed
670 ## - SOURCE DATA FOUND
- Source citation: Work cat.: (NUST)15092: Mubarak, Bilal Ahmed , Analytically Evaluating the Effectiveness of Soil Stabilization with Cement Kiln Dust, 2020.
